LEADER 00778nam a2200193 i 4500 001 000000200417 003 CaOOAMICUS 005 20110409000000.0 008 110409s1951 it u000 u fre u 013 $a179116 040 $aSeMil$bita 245 14$aLes fondements biologiques :$bessai d'une écologie de l'homme. 250 $a3. édition revue et augmentée. 300 $a448 p. :$bill. 700 1 $aSorre, Max.$0(OLS)http://semarc/name/10953 773 0 $aSorre, Max$tFondements de la géographie humaine.$dParis : Armand Colin, 1948-1952.$gTome1$w()24718 850 $aSeMil 852 $aSeMil$W1$xVenegono$y1$m3XG III 4$j150946$B150946$CSeMilBibl$Z2$F162254 $81 996 $6245$aLes fondements biologiques :$bessai d'une écologie de l'homme$9(OLS)http://semarc/title/289826 LEADER 01042nam a2200205 i 4500 001 000000090781 003 CaOOAMICUS 005 20151126000000.0 008 151126s1884 it u000 u ita u 013 $a63023 040 $aSeMil$bita 100 1 $aCepari, Virgilio <1564-1631>.$0(OLS)http://semarc/name/28739 245 10$aVita della serafica vergine S. Maria Maddalena de' Pazzi dell'ordine carmelitano ... /$cscritta dal p. Virgilio Cepari ; con aggiunta delle lettere inedite della santa dettate in estasi. 260 $aPrato :$bTipografia Giachetti, Figlio e C.,$c1884. 300 $a540 p. ;$c17 cm. 600 04$aMaria Maddalena : de' Pazzi .$0(OLS)http://semarc/subject/4754 850 $aSeMil 852 $aSeMil$W1$xVenegono$y1$m3J I 44 FA$j53748$B53748$CSeMilBibl$Z2$F58382 $8I 996 $6245$aVita della serafica vergine S. Maria Maddalena de' Pazzi dell'ordine carmelitano ...$9(OLS)http://semarc/title/136798 996 $6260$aPrato :$bTipografia Giachetti, Figlio e C.$9(OLS)http://semarc/publisher/41764